History Quiz

Random History or Art Quiz
Score 0/20 Timer 06:00
8 Plays Today
% Correct
Washington
97.7%
Pearl
97.4%
Moon
96.9%
Olympic
96.7%
D
96.5%
Canal
96.3%
Alexander
89.8%
Bastille
89.2%
Day
88.6%
Christmas
83.5%
% Correct
Polo
81.4%
Erikson
77.9%
OK
70.5%
Oregon
68.8%
Boer
64.7%
Bunker
64.4%
Manifest
64%
Salt
53.6%
Wallace
50%
Whiskey
35.6%
Remove Ads.
Support Sporcle.
Get the best of Sporcle when you Go Orange. This ad-free experience offers more features, more stats, and more fun while also helping to support Sporcle. Thank you for becoming a member.

You're not logged in!

Compare scores with friends on all Sporcle quizzes.
OR
Log In

Show Comments

Extras

Top Quizzes Today


Score Distribution

Your Account Isn't Verified!

In order to create a playlist on Sporcle, you need to verify the email address you used during registration. Go to your Sporcle Settings to finish the process.

Report this User

Report this user for behavior that violates our Community Guidelines.

Details: